000 01265nam a2200337 i 4500
003 EG-GICUC
005 20260121101400.0
008 251129s1970 fr ||||f |||| 00| 0 fre d
040 _aEG-GiCUC
_bfre
_cEG-GiCUC
_dEG-GiCUC
_eRda
041 0 _afre
082 0 4 _a341.1
_bV E . D
092 0 4 _221
099 _aLaw1 11 341.1 V E . D 2 ed - 1970
100 1 _aVellas, Pierre
_eAuteur
245 1 0 _aDroit international public :
_bInstitutions internationales, méthodologie, historique, sources, sujets de la société internationale, organisations internationales /
_cPar Pierre Vellas .
250 _a2. éd.
264 1 _aParis :
_bLibrairie générale de droit et de jurisprudence,
_c1970.
300 _a481 page ;
_c20 cm.
_billustration ;
336 _2rda contenu
_a texte
337 _2rda medias
_aOrdinateur
338 _2 transporteur rda
_a Ressource en ligne
504 _ainclure des références bibliographiques
546 _aTexte en français
650 0 4 _aDroit international public
_2qrmak
650 0 4 _aOrganisations internationales
_2qrmak
650 0 4 _aInstitutions internationales
_2qrmak
651 1 _2qrmak
856 4 0 _uhttps://fll.law.cu.edu.eg/fulltext/bks/B11-05892.pdf
905 _a75
_eYara
942 _2ddc
_cBK
_e21
_n0
999 _c46960
_d46960